Hit 'Em Up Verse #1 - Statistics

General Stats
  • This quiz has been taken 160 times
  • The average score is 129 of 231
Answer Stats
Answer % Correct
a
96%
fuck
94%
Fuck
94%
yo'
94%
I
93%
you
91%
You
91%
bitch
90%
we
84%
We
84%
the
83%
your
82%
fucked
81%
First
80%
of
78%
but
77%
But
77%
to
75%
wife
75%
claim
73%
be
72%
Bad
71%
Boy
71%
player
71%
Westside
70%
and
69%
fat
69%
when
69%
on
67%
for
66%
life
66%
off
64%
bust
62%
go
62%
me
62%
ride
61%
so
61%
with
61%
clique
59%
in
59%
money
59%
no
59%
Biggie
58%
come
58%
game
58%
That's
58%
why
58%
Boys
56%
got
56%
see
56%
See
56%
up
56%
ass
54%
bitches
53%
equipped
53%
know
53%
Take
53%
MAFIA
51%
Junior
50%
some
50%
who
49%
Who
49%
ain't
48%
real
47%
'em
46%
hit
46%
Smalls
45%
2Pac
44%
is
44%
Call
42%
cops
42%
Plus
41%
get
40%
grab
40%
it
40%
Glocks
39%
hearts
39%
keep
38%
Puffy
38%
rip
38%
shot
38%
don't
37%
Don't
37%
rules
37%
let
36%
weak
36%
friends
35%
comin'
34%
Lil'
34%
now
34%
realest
33%
them
33%
tryna
33%
peace
32%
didn't
31%
finish
31%
G's
31%
it's
31%
killas
31%
mothafucka
31%
runnin'
31%
tonight
31%
haha
30%
Haha
30%
I'll
30%
menace
30%
punks
30%
ya
30%
gunnin'
29%
mark-ass
29%
streets
29%
wrath
29%
young
29%
around
28%
'bout
28%
Cut
28%
deceased
28%
feel
28%
Steady
28%
while
28%
bustin'
27%
jewels
27%
Kim
27%
leave
26%
at
25%
bring
25%
homie
25%
ugly
25%
caps
24%
how
24%
murdered
24%
killed
23%
pieces
23%
snatch
23%
uh
23%
ask
22%
wax
22%
fools
21%
Quick
21%
peeled
19%
too
18%
Ceasar
17%
mothafuckin'
13%
a'ight
11%
No matching quizzes found
Score Distribution
Percent of People with Each Score
Percentile by Number Answered
Your Score History
You have not taken this quiz